Thermophysical properties of ethane, from 90 to 600 K at pressures to 700 bar /

Guardado en:
Autor Principal: Goodwin, Robert D. 1915.
Autor Corporativo: Institute for Basic Standards (U.S.). Cryogenics Division.
Otros Autores: Roder, Hans M., Straty, Gerald C.
Formato: Libro
Idioma:English
Publicado: Boulder, Colo. : Washington : Dept. of Commerce, National Bureau of Standards, Institute for Basic Standards, Cryogenics Division ; for sale by the Supt. of Docs., U.S. Govt. Print. Off., 1976.
Series:NBS technical note ; 684
Materias:
Etiquetas: Agregar Etiqueta
Sin Etiquetas, Sea el primero en etiquetar este registro!
LEADER 01193nam a22002655a 4500
001 EIQ.libpla001685
008 061204s1976####xxua#####b####000#0#eng#d
005 20061211151855.0
245 1 0 |a Thermophysical properties of ethane, from 90 to 600 K at pressures to 700 bar /  |c R. D. Goodwin, H. M. Roder, G. C. Straty ; Cryogenics Division. 
260 |a Boulder, Colo. :  |b Dept. of Commerce, National Bureau of Standards, Institute for Basic Standards, Cryogenics Division ;  |a Washington :  |b for sale by the Supt. of Docs., U.S. Govt. Print. Off.,  |c 1976. 
300 |a vi, 319, [1] p. :  |b il. ;  |c 27 cm. 
440 0 |a NBS technical note ;  |v 684 
500 |a "CODEN: NBTNAE". 
500 |a "Issued August 1976". 
504 |a Bibliografía: p. 15-20. 
100 1 |a Goodwin, Robert D.  |q (Robert Daniels),  |d 1915. 
700 1 |a Roder, Hans M. 
700 1 |a Straty, Gerald C. 
710 2 |a Institute for Basic Standards (U.S.).  |b Cryogenics Division. 
650 4 |a Etanos  |x Propiedades térmicas. 
650 4 |a Termodinámica  |x Tablas. 
650 4 |a Thermodynamics  |x Tables. 
650 4 |a Ethanes  |x Thermal properties. 
040 |a AR-BbSID  |b spa  |c AR-BbSID 
859 |a AR-BbSID  |b BIB. PLAPIQUI  |h 541.36  |i G 631  |k R  |p 1104